| 000 | 00501nab a2200145 4500 | ||
|---|---|---|---|
| 003 | ES-SlBCS | ||
| 005 | 20210327231222.0 | ||
| 008 | 150907s2015 sp ||||| |||| 00| 0 spa d | ||
| 040 |
_aES-SlBCS _bspa |
||
| 100 | 1 |
_aÁlvarez Junco, José _97203 |
|
| 245 | 1 | 0 |
_aFrancisco Giner de los Ríos _cJosé Álvarez Junco |
| 600 | 1 | 4 |
_aGiner de los Ríos, Francisco _xCrítica e interpretación _9408741 |
| 773 | 0 |
_gNº 240, 2015, págs. 162-169 _tClaves de Razón Práctica _wRev1103 _x1130-3689 |
|
| 942 |
_2lcc _cAR |
||
| 999 |
_c853545 _d853545 |
||